[Event "DEN-ch Seniors"]
[Site "Aalborg"]
[Date "2023.02.19"]
[Round "4"]
[White "Fjordside, Arne Dan"]
[Black "Christensen, Claus"]
[Result "1/2-1/2"]
[WhiteElo "1829"]
[BlackElo "1536"]
[PlyCount "169"]
[EventDate "2023.02.19"]
[EventType "swiss"]
[EventRounds "7"]
[EventCountry "DEN"]
[SourceTitle "CBM 213 Extra"]
[Source "ChessBase"]
[SourceDate "2023.05.31"]
[SourceVersion "1"]
[SourceVersionDate "2023.05.31"]
[SourceQuality "1"]

1. d4 d5 2. Bf4 e6 3. e3 Bd6 4. Bg3 Nf6 5. Bd3 Nc6 6. c3 a6 7. Nd2 b5 8. Ngf3 Bb7 9. Qe2 Ne7 10. Ne5 0-0 11. a3 c5 12. 0-0 c4 13. Bc2 Ne4 14. Bh4 Qc7 15. f4 f6 16. Nef3 Ng6 17. Be1 Rae8 18. Nxe4 dxe4 19. Nd2 f5 20. Kh1 Bc6 21. Bg3 Be7 22. h3 Qd7 23. Qh5 Nh8 24. Bh2 g6 25. Qe2 Nf7 26. Rg1 Nd8 27. g4 Kh8 28. Bg3 Rg8 29. g5 Bd6 30. Kg2 Kg7 31. Rh1 Rh8 32. Rhd1 Nf7 33. h4 Qc7 34. Rh1 Qd7 35. Rhc1 Rc8 36. Kg1 Bd5 37. Be1 Qb7 38. Nf1 Be7 39. Bg3 Nd6 40. Nd2 Kf7 41. Kg2 Qc6 42. Rh1 Rcg8 43. Rh2 Qc8 44. Rah1 Qf8 45. h5 Bd8 46. Be1 Ke8 47. Kf1 Bc7 48. Rh3 Qg7 49. Qh2 Nf7 50. Bg3 Kd7 51. Qe2 Nd6 52. Qh2 Nf7 53. a4 Ra8 54. Qe2 Nd6 55. hxg6 hxg6 56. Rh6 Nf7 57. Rxh8 Rxh8 58. Rxh8 Qxh8 59. Kg2 Nd6 60. Qd1 Qb8 61. axb5 axb5 62. Qh1 Qg8 63. Qa1 Qa8 64. Qh1 Qg8 65. Be1 Nf7 66. b3 Nd6 67. Qf1 Qb8 68. Qh1 Qg8 69. bxc4 Nxc4 70. Nxc4 Bxc4 71. Bd2 Kc6 72. Qb1 Qh8 73. Bd1 Qa8 74. Bb3 Qa3 75. Bd1 Qa2 76. Bc2 Qxb1 77. Bxb1 Bb3 78. Bc1 Bd6 79. Kf2 Kd5 80. Ke2 Kc4 81. Kd2 b4 82. Bb2 Be7 83. Ba1 Bd6 84. Bb2 Be7 85. Ba1 1/2-1/2

[Event "DEN-ch Seniors"]
[Site "Aalborg"]
[Date "2023.02.19"]
[Round "6"]
[White "Nielsen, Bent K"]
[Black "Fjordside, Arne Dan"]
[Result "0-1"]
[WhiteElo "1304"]
[BlackElo "1829"]
[PlyCount "54"]
[EventDate "2023.02.19"]
[EventType "swiss"]
[EventRounds "7"]
[EventCountry "DEN"]
[SourceTitle "CBM 213 Extra"]
[Source "ChessBase"]
[SourceDate "2023.05.31"]
[SourceVersion "1"]
[SourceVersionDate "2023.05.31"]
[SourceQuality "1"]

1. b3 d5 2. e3 Bf5 3. Bb2 Nd7 4. Nf3 h6 5. d4 Ngf6 6. c4 e6 7. cxd5 exd5 8. Bb5 c6 9. Bd3 Ne4 10. 0-0 Ndf6 11. Nh4 Nxf2 12. Rxf2 Bxd3 13. Qxd3 Ne4 14. Rf3 Qxh4 15. Qf1 Bd6 16. Rh3 Qe7 17. Nc3 Ng5 18. Rg3 Bxg3 19. hxg3 Qxe3+ 20. Kh1 Qxg3 21. Re1+ Ne6 22. Ne2 Qh4+ 23. Kg1 0-0 24. Ba3 Rfe8 25. Bd6 Nxd4 26. Bg3 Nxe2+ 27. Rxe2 Qxg3 0-1

[Event "DEN-ch Seniors"]
[Site "Aalborg"]
[Date "2023.02.19"]
[Round "3"]
[White "Poulsen, Knud"]
[Black "Fjordside, Arne Dan"]
[Result "1-0"]
[WhiteElo "1699"]
[BlackElo "1829"]
[PlyCount "51"]
[EventDate "2023.02.19"]
[EventType "swiss"]
[EventRounds "7"]
[EventCountry "DEN"]
[SourceTitle "CBM 213 Extra"]
[Source "ChessBase"]
[SourceDate "2023.05.31"]
[SourceVersion "1"]
[SourceVersionDate "2023.05.31"]
[SourceQuality "1"]

1. c4 Nf6 2. Nc3 e6 3. e4 Nc6 4. Nf3 d5 5. e5 Ne4 6. cxd5 Nxc3 7. bxc3 Qxd5 8. d4 b6 9. Be2 Na5 10. 0-0 Bb7 11. Nh4 Qe4 12. Bg5 h6 13. Bf3 Qh7 14. Bxb7 hxg5 15. Bxa8 Qxh4 16. Qa4+ Kd8 17. h3 g4 18. d5 Qh5 19. dxe6 fxe6 20. Rad1+ Bd6 21. exd6 cxd6 22. Rxd6+ Ke7 23. Rd7+ Kf6 24. Qf4+ Qf5 25. Qxf5+ exf5 26. Bd5 1-0

[Event "DEN-ch Seniors 65"]
[Site "Aalborg"]
[Date "2022.02.24"]
[Round "5"]
[White "Falberg, Hugo"]
[Black "Fjordside, Arne Dan"]
[Result "0-1"]
[WhiteElo "1782"]
[BlackElo "1914"]
[PlyCount "144"]
[EventDate "2022.02.20"]
[EventType "swiss"]
[EventRounds "7"]
[EventCountry "DEN"]
[SourceTitle "EXT 2024"]
[Source "ChessBase"]
[SourceDate "2023.10.10"]
[SourceVersion "1"]
[SourceVersionDate "2023.10.10"]
[SourceQuality "1"]

1. f4 d5 2. Nf3 Nf6 3. e3 Bg4 4. Be2 Bxf3 5. Bxf3 c6 6. 0-0 Nbd7 7. d4 e6 8. Nd2 Be7 9. c4 0-0 10. g4 Ne8 11. Kh1 a5 12. b3 a4 13. Bb2 axb3 14. axb3 Bb4 15. Qc2 Rxa1 16. Rxa1 Qh4 17. Nf1 Ndf6 18. Qe2 Nd6 19. g5 Nfe4 20. c5 Nf2+ 21. Kg2 Nde4 22. Bxe4 Nxe4 23. Ng3 f6 24. Ra4 fxg5 25. Nxe4 dxe4 26. Rxb4 gxf4 27. exf4 Rxf4 28. Bc1 Rf3 29. Bd2 Qh3+ 30. Kg1 e3 31. Be1 Qf5 32. Rxb7 h5 33. Ra7 Kh7 34. Ra2 Rf4 35. Bg3 Re4 36. Ra1 h4 37. Be5 h3 38. Rf1 Rg4+ 39. Bg3 Qd5 40. Rf4 Rg6 41. Rh4+ Kg8 42. Rxh3 Qxd4 43. Kf1 Rf6+ 44. Kg1 Qd2 45. Qe1 Rg6 46. Qb1 Qf2+ 47. Kh1 Qf3+ 48. Kg1 e2 49. Qe1 Qd3 50. Rh4 Qd1 51. Kf2 Rf6+ 52. Rf4 Qd4+ 53. Kxe2 Rxf4 54. Bxf4 Qxf4 55. Qg3 Qe4+ 56. Qe3 Qc2+ 57. Kf3 Qd1+ 58. Kf4 Qd5 59. Qe5 Qxb3 60. Qd6 Qd5 61. Qb8+ Kh7 62. Qd6 Kg6 63. Qe5 Qd2+ 64. Kg4 Qg2+ 65. Kh4 Qf2+ 66. Kg4 Qf5+ 67. Qxf5+ exf5+ 68. Kf4 Kf6 69. h4 g6 70. Ke3 Ke5 71. Kf3 f4 72. Kg4 Ke4 0-1

[Event "DEN-ch Seniors 65"]
[Site "Aalborg"]
[Date "2022.02.23"]
[Round "4"]
[White "Fjordside, Arne Dan"]
[Black "Gronhoj, Soren"]
[Result "1/2-1/2"]
[WhiteElo "1914"]
[BlackElo "2006"]
[PlyCount "61"]
[EventDate "2022.02.20"]
[EventType "swiss"]
[EventRounds "7"]
[EventCountry "DEN"]
[SourceTitle "EXT 2024"]
[Source "ChessBase"]
[SourceDate "2023.10.10"]
[SourceVersion "1"]
[SourceVersionDate "2023.10.10"]
[SourceQuality "1"]

1. d4 d5 2. Bf4 e6 3. e3 Bd6 4. Bg3 Nf6 5. Nf3 Ne4 6. Bd3 Nxg3 7. hxg3 h6 8. c3 b6 9. Nbd2 Nd7 10. Bb5 Bb7 11. Qa4 a6 12. Bd3 c6 13. e4 b5 14. Qc2 c5 15. exd5 Bxd5 16. Be4 Nf6 17. Bxd5 Nxd5 18. Ne4 Rc8 19. Qe2 cxd4 20. Nxd4 0-0 21. Rd1 Be7 22. a4 bxa4 23. Qxa6 Qb6 24. Qxb6 Nxb6 25. Ra1 Rfd8 26. 0-0 Rd5 27. g4 g6 28. Rfe1 h5 29. gxh5 Rxh5 30. g3 Kg7 31. Kg2 1/2-1/2

[Event "DEN-ch Seniors 65"]
[Site "Logumkloster"]
[Date "2020.02.09"]
[Round "1"]
[White "Fjordside, Arne Dan"]
[Black "Larsen, Alex"]
[Result "1-0"]
[WhiteElo "1782"]
[BlackElo "1428"]
[PlyCount "43"]
[EventDate "2020.02.09"]
[EventType "swiss"]
[EventRounds "7"]
[EventCountry "DEN"]
[SourceTitle "EXT 2021"]
[Source "ChessBase"]
[SourceDate "2020.10.23"]
[SourceVersion "1"]
[SourceVersionDate "2020.10.23"]
[SourceQuality "1"]

1. d4 Nf6 2. Bf4 e6 3. e3 c6 4. c3 Be7 5. Bd3 d6 6. h3 Nbd7 7. Nf3 Nd5 8. Bh2 N7f6 9. 0-0 0-0 10. Nbd2 h6 11. Re1 Nh7 12. e4 Nc7 13. Qe2 f5 14. exf5 Nf6 15. Rad1 Re8 16. fxe6 b5 17. Bg6 Rf8 18. Bf7+ Kh8 19. Nh4 Rxf7 20. exf7 Ne6 21. Ng6+ Kh7 22. Qd3 1-0

[Event "Horsens Lang Weekend"]
[Site "Horsens"]
[Date "2017.07.15"]
[Round "6"]
[White "Teplyi, Igor"]
[Black "Fjordside, Arne Dan"]
[Result "1-0"]
[WhiteElo "2424"]
[BlackElo "1881"]
[PlyCount "63"]
[EventDate "2017.07.13"]
[EventType "swiss"]
[EventRounds "7"]
[EventCountry "DEN"]
[SourceTitle "EXT 2018"]
[Source "ChessBase"]
[SourceDate "2017.10.13"]
[SourceVersion "1"]
[SourceVersionDate "2017.10.13"]
[SourceQuality "1"]

1. d4 Nf6 2. c4 e6 3. Nc3 d5 4. cxd5 exd5 5. Bg5 Be7 6. e3 0-0 7. Bd3 c6 8. Qc2 Nbd7 9. Nge2 Re8 10. f3 Nf8 11. 0-0 g6 12. Rad1 Ne6 13. Bh4 Ng7 14. Bf2 Bf5 15. e4 dxe4 16. fxe4 Be6 17. h3 Rc8 18. Qd2 Nd7 19. b3 Nb6 20. Bc2 Rc7 21. a4 a6 22. d5 Rd7 23. Qe3 Nxd5 24. exd5 cxd5 25. Qf3 Qc8 26. Bd4 Bf8 27. Bb1 Bf5 28. Bxg7 Bxb1 29. Bxf8 Be4 30. Qf2 Rxf8 31. Qd4 Qd8 32. Nxe4 1-0

[Event "DEN-ch Seniors 65+"]
[Site "Logumkloster"]
[Date "2017.02.17"]
[Round "6"]
[White "Fjordside, Arne Dan"]
[Black "Baagoe, Hans Chr"]
[Result "1-0"]
[WhiteElo "1926"]
[BlackElo "1566"]
[PlyCount "81"]
[EventDate "2017.02.12"]
[EventType "swiss"]
[EventRounds "7"]
[EventCountry "DEN"]
[SourceTitle "EXT 2018"]
[Source "ChessBase"]
[SourceDate "2017.10.13"]
[SourceVersion "1"]
[SourceVersionDate "2017.10.13"]
[SourceQuality "1"]

1. d4 d5 2. Nf3 Nf6 3. Bf4 e6 4. e3 Bd6 5. Bg3 0-0 6. Bd3 c5 7. c3 cxd4 8. cxd4 Nc6 9. Nc3 a6 10. Rc1 Ne7 11. Ne5 Ng6 12. f4 b5 13. 0-0 b4 14. Nxg6 fxg6 15. Nb1 Bd7 16. Nd2 a5 17. Qe2 Qb6 18. Nf3 Nh5 19. Bh4 Rac8 20. Ne5 Bxe5 21. fxe5 Rxc1 22. Rxc1 Nf4 23. exf4 Qxd4+ 24. Bf2 Qxf4 25. Rf1 a4 26. Bc5 Qxf1+ 27. Qxf1 Rxf1+ 28. Kxf1 b3 29. axb3 axb3 30. Ke2 Kf7 31. Kd2 h5 32. Kc3 g5 33. Kxb3 h4 34. Kc3 Bc6 35. Kd4 Ke8 36. b4 Kd8 37. Bf8 g4 38. Bxg7 h3 39. g3 Be8 40. Bf8 Kc7 41. Kc5 1-0

[Event "DEN-ch Seniors 65+"]
[Site "Logumkloster"]
[Date "2017.02.16"]
[Round "5"]
[White "Mortensen, Steen Juul"]
[Black "Fjordside, Arne Dan"]
[Result "1-0"]
[WhiteElo "1920"]
[BlackElo "1926"]
[PlyCount "107"]
[EventDate "2017.02.12"]
[EventType "swiss"]
[EventRounds "7"]
[EventCountry "DEN"]
[SourceTitle "EXT 2018"]
[Source "ChessBase"]
[SourceDate "2017.10.13"]
[SourceVersion "1"]
[SourceVersionDate "2017.10.13"]
[SourceQuality "1"]

1. Nf3 Nf6 2. d4 d5 3. c4 c6 4. Nc3 e6 5. Qd3 Nbd7 6. g3 Be7 7. Bg2 0-0 8. 0-0 b6 9. cxd5 cxd5 10. Bf4 a6 11. a4 Bb7 12. Rfc1 Rc8 13. Rc2 Ne4 14. Ne1 Nd6 15. e4 dxe4 16. Nxe4 Bxe4 17. Bxe4 Nxe4 18. Qxe4 Nf6 19. Qd3 Rxc2 20. Nxc2 Nd5 21. Bd2 Qc8 22. Rc1 Qb7 23. Ne3 Rd8 24. Nc4 Rc8 25. Ne3 Rxc1+ 26. Bxc1 b5 27. axb5 Qxb5 28. Qxb5 axb5 29. Nxd5 exd5 30. Kf1 h5 31. h3 Kh7 32. Ke2 Kg6 33. Kf3 Bb4 34. Bf4 Kf5 35. g4+ Kg6 36. Ke2 f5 37. f3 Be7 38. Be5 Bf6 39. gxh5+ Kxh5 40. Bxf6 gxf6 41. Ke3 Kh4 42. Kf4 Kxh3 43. Kxf5 Kg3 44. Kxf6 Kxf3 45. Ke5 Ke3 46. Kxd5 Kd3 47. Kc5 b4 48. d5 b3 49. d6 Kc2 50. d7 Kxb2 51. d8Q Kc2 52. Kc4 b2 53. Qd3+ Kc1 54. Kc3 1-0